| 000 | 01099nam a2200277 a 4500 | ||
|---|---|---|---|
| 999 |
_c489625 _d489625 |
||
| 003 | BLK | ||
| 005 | 20250324121656.0 | ||
| 008 | 210321b bul|||||r ||||||| ||bul|| | ||
| 020 | _a9789540916248 | ||
| 040 | _aBLK | ||
| 041 |
_aBUL _cBUL |
||
| 080 |
_aБългарска литература _b821.163.2 _x-31 _z821.163.2-31 |
||
| 100 | 1 |
_aЛеондиев, Христо Жечов _eпърви автор _988418 |
|
| 139 |
_aЛеондиев, Христо Жечов _bЛ 46 |
||
| 245 | 1 | 0 |
_aПрекалено отворено общество _bроман _cХристо Морски |
| 257 | _aBGR | ||
| 260 |
_aСофия _bЗахарий Стоянов _c2022 _f([Костинброд] : Мултипринт) _9209473 _n978-954-739- ; 978-954-09- ; 954-9559- |
||
| 300 |
_a766 с. _c24 см |
||
| 380 | _aX | ||
| 500 | _aХристо Морски - псевд. на авт. Христо Ж. Леондиев | ||
| 852 |
_aЦб 316767 _bЦб |
||
| 856 | 4 |
_qpdf _u _i0.00 _ldisable |
|
| 856 | 4 |
_qpdf _u _i0.00 _ldisable |
|
| 942 |
_cKNG _n0 _s1 _01 |
||
| 944 |
_aCR _c2023-03-21 _k30531 _lЦветелина Шанова |
||